Pobreza, modelos de desarrollo y políticas sociales en América Latina /

Analiza la evolución del desarrollo social desde la etapa posterior a la sustitución de importaciones hasta la década de los noventa, extrayendo algunas conclusiones respecto del crecimiento económico y su vinculación con el desarrollo social. Señala la necesidad de políticas sociales y su evaluació...

全面介紹

Guardado en:
書目詳細資料
主要作者: Franco, Rolando
格式: Texto
叢編:SERIE POLITICAS SOCIALES/CEPAL
主題:
標簽: 添加標簽
沒有標簽, 成為第一個標記此記錄!

MARC

LEADER 00000 a a2200000 04500
001 17459
003
040
090 |a REV1291 (26) 1998  
100 |a Franco, Rolando  
245 |a Pobreza, modelos de desarrollo y políticas sociales en América Latina /  |c Rolando Franco  
440 |a SERIE POLITICAS SOCIALES/CEPAL  
520 |a Analiza la evolución del desarrollo social desde la etapa posterior a la sustitución de importaciones hasta la década de los noventa, extrayendo algunas conclusiones respecto del crecimiento económico y su vinculación con el desarrollo social. Señala la necesidad de políticas sociales y su evaluación, así como la recuperación y ampliación del gasto social, haciéndolo más eficiente. REV//jmml  
650 |a POBREZA  
650 |a MODELOS  
650 |a POLITICAS SOCIALES  
650 |a SUSTITUCION DE IMPORTACIONES  
650 |a DESARROLLO SOCIAL  
650 |a RECESION ECONOMICA  
650 |a CRECIMIENTO ECONOMICO  
773 |a número26, (1998)  
999 |c 31963  |d 31963